Регионална библиотека "Любен Каравелов" - Русе

Леки етюди (Запис номер 322016)

MARC детайли
000 -Лидер
Контролно поле с фиксирана дължина 01824ncm a2200349 c 4500
003 - Код на организацията, давaща контролен номер
Контролно поле BLK
005 - Дата и час на последна редакция
Контролно поле 20240827153336.0
008 - Елементи от данни с фиксирана дължина
fixed length control field 180414b bul |a|er|||| |0| c|bulo|
010 ## - Наследен системен номер
LC control number NOT00004094000
040 ## - Източник на каталожния запис
Идентификатор на билиотеката - собственик на записа BLK
041 ## - Код за език
Код за езика на текст/звукозапис или на отделно заглавие Български
Код за езика КДБФ Български
080 ## - УДК
Текстов определител УДК Кларинет. Етюди, гами, учебна литература
УДК код - определител по УДК 788.6.087.5
УДК определител
УДК - код + определител 788.6.087.5
100 1# - Редна дума - Автор
Автор Клозе, Хиацинт
Авторска отговорност първи автор
R(LIN) 79827
139 ## - Редно поле
Редна дума Клозе, Хиацинт
Авторски знак Клис - К 66
245 10 - Сведения за заглавието
Заглавие Леки етюди
Подзаглавни данни За кларинет : Ч. 1-
Редно поле (дума) Хиацинт Клозе; ред. Петко Радев.
Том Ч. 3
Заглавие на том Характеристични етюди за кларинет
257 ## - Страна на издаване
Страна на създаване/издаване Франция
260 ## - Област на издателските данни
-- София
Име на издателя, разпространителя и проч. Наука и изкуство
Година на издаване 1968 -
300 ## - Физическа характеристика
Размери/Мащаб 31 см
380 ## - Жанр
Жанр Изкуство
500 ## - Общи забележки
Забележка Забележка към том: На загл. с. изд. не е оформено като част от Леки етюди за кларинет. На фиш от НБКМ е Ч.3 от тази поредица.
650 #4 - Допълнително описание по предмет – тема
Основно описание – тема или топоним Кларинет - етюди, гами
9 (RLIN) 353811
653 ## - Ключова дума – ненормативна
Ключова дума кларинети
653 ## - Ключова дума – ненормативна
Ключова дума етюди
700 ## - Други автори (авторска отговорност)
Лично име Радев, Петко
Дати, свързани с автора 1933-2017
Пълна форма на името Петков, Петко Радев
9 (RLIN) 363227
760 1# - Описание на основната серия
Редна дума на основното описание Клозе, Хиацинт
Поясняваща информация 56 с.
Място на издаване, издател и година 1968
Страници - том 56 с.
Забележка - том На загл. с. изд. не е оформено като част от Леки етюди за кларинет. На фиш от НБКМ е Ч.3 от тази поредица.
Заглавие Ч. 3 Характеристични етюди за кларинет
852 ## - Местоположение
Форматна сигнатура Цб М ІІ 4457
Част 0
856 4# - Електронен адрес и достъп
Електронен формат pdf - файл
Път до файла /url/
856 4# - Електронен адрес и достъп
Електронен формат pdf - файл
Път до файла /url/
942 ## - АРТИКУЛИ
Вид на библиотечния материал Нотни издания
Скрит в OPAC Не
944 ## - СЪЗДАВАНЕ И РЕДАКЦИЯ на ЗАПИСА
Създаване/Редакция Създаване
Дата на регистрацията/редакция 05.10.2017
Служител, извършил регистрацията/редакцията 30560
Статус, дата на статуса Геновева Генчева
944 ## - СЪЗДАВАНЕ И РЕДАКЦИЯ на ЗАПИСА
Създаване/Редакция Редакция
Дата на регистрацията/редакция 05.10.2017
Служител, извършил регистрацията/редакцията Ирена_Линкова
999 ## - СИСТЕМНИ КОНТРОЛНИ НОМЕРА
Koha biblionumber 322016
Koha biblioitemnumber 322016
Наличности
Код за отписване Код за изгубен артикул Източник на класификационната схема Код за повреда Коз за рестрикции Код за отдаване Артикулен № Име на библиотеката - собственик Име на библиотеката, в която се намира в момента Статус (Текущо местоположение) Дата на вписване в системата Местоположение - отдел Цена в лева Инвентарен номер Систематично азбучна сигнатура Баркод Номер на екземпляра Цена в евро Служебна бележка Служебен тип на артикула
  Не е изгубен Universal Decimal Classification Не е повреден само за читалня ползва се в читалня 675665 Регионална библиотека "Любен Каравелов" Русе Регионална библиотека "Любен Каравелов" Русе Хранилище 1968-01-01 Хранилище 0.70 5770/68 Цб М ІІ 4457 900000021251 1 0.36 Дост: Dp Вид: Ф N: сф Дата: 01.01.1968 Бележки инв: Ирена_Линк Съставил: Ирена_Линкова Нотни издания
  Не е изгубен Universal Decimal Classification Не е повреден без рестрикции заемане за дома 675666 Регионална библиотека "Любен Каравелов" Русе Регионална библиотека "Любен Каравелов" Русе Отдел Изкуство - подръчен фонд 1968-01-01 Отдел Изкуство - подръчен фонд 0.70 9758/68 788/К 66 Х 900000001645 2 0.36 Дост: Pk Вид: Ф N: сф Дата: 01.01.1968 Бележки инв: Ирена_Линк Съставил: Ирена_Линкова Нотни издания
  Не е изгубен Universal Decimal Classification Не е повреден без рестрикции заемане за дома 675667 Регионална библиотека "Любен Каравелов" Русе Регионална библиотека "Любен Каравелов" Русе Отдел Изкуство - подръчен фонд 1968-01-01 Отдел Изкуство - подръчен фонд 0.70 9759/68 788/К 66 Х 900000001644 3 0.36 Дост: Pk Вид: Ф N: сф Дата: 01.01.1968 Бележки инв: Ирена_Линк Съставил: Ирена_Линкова Нотни издания
Vip Innovations Ltd, Rousse, Bulgaria 2025